|
|
|
|
| LEADER |
00000nam a2200000 a 4500 |
| 001 |
vtls008581546 |
| 003 |
SK-MaSNL |
| 005 |
20260302004347.0 |
| 008 |
230501s1964 xo g p 001 0 slo |
| 015 |
|
|
|a SNBA1964
|
| 020 |
|
|
|q (viazané)
|
| 035 |
|
|
|a urn:nbn:sk:snk-am00ih8q
|
| 035 |
|
|
|a 0A53B5AB-2929-4D1A-AF82-C96B0CD23EAF
|
| 040 |
|
|
|a SNK
|b slo
|c SNK
|e AACR2
|
| 041 |
0 |
|
|a slo
|a scr
|
| 044 |
|
|
|a xo
|c SK
|
| 072 |
|
7 |
|a 811.163
|x Južnoslovanské jazyky
|2 konspekt
|
| 072 |
|
7 |
|a 37.016
|x Učebné osnovy. Vyučovacie predmety. Učebnice
|2 konspekt
|
| 080 |
|
|
|a 802.0(075.4)
|2 1981
|
| 080 |
|
|
|a 811.163.4
|2 2011
|
| 080 |
|
|
|a (075)
|2 2011
|
| 100 |
1 |
|
|a Frýdecký, Ján,
|d 1916-1993
|4 aut
|9 63974
|
| 245 |
1 |
0 |
|a Učebnica srbochorvátčiny pre samoukov
|c Ján Frýdecký
|
| 250 |
|
|
|a 1. vyd.
|
| 260 |
|
|
|a Bratislava
|b Slovenské pedagogické nakladateľstvo
|c 1964
|
| 300 |
|
|
|a 441 strán
|c 21 cm
|
| 500 |
|
|
|a Obsahuje srbochorvátsko-slovenský a slovensko-srbochorvátsky slovník
|
| 500 |
|
|
|a Obsahuje skratky
|
| 504 |
|
|
|a Obsahuje register
|
| 650 |
0 |
7 |
|a srbochorvátčina
|2 SNKPH
|9 49273
|
| 655 |
|
7 |
|a učebnice
|2 SNKPH
|9 22521
|
| 852 |
|
|
|a Slovenská národná knižnica
|
| 954 |
|
|
|a odborná, vedecká literatúra pôvodná (slovenská)
|2 lita
|
| 958 |
|
|
|a OND
|
| 958 |
|
|
|a EUIPO
|
| 999 |
|
|
|c 995608
|d 997538
|
| 952 |
|
|
|a SNK
|b SNK
|y PREZ
|7 0
|p 17A0806884
|o snkSC 18690
|i snkKSP 1535/64
|0 0
|1 0
|4 0
|d 2021-11-30
|f 1
|l 0
|r 2025-07-25 00:00:00
|w 2026-02-24
|